| 000 | 00311nam a2200121Ia 4500 | ||
|---|---|---|---|
| 008 | 240731s9999 xx 000 0 und d | ||
| 022 | _a2835-5245 | ||
| 245 | 0 | _aHealth Literacy and Communication Open | |
| 260 | _bRoutledge | ||
| 856 | _uhttps://www.tandfonline.com/loi/rhlc20 | ||
| 942 | _2ddc | ||
| 942 | _cTFEJ | ||
| 999 |
_c76804 _d76804 |
||
| 945 |
_a1 _bMadushi Gamage _c1 _dMadushi Gamage |
||